[Event "Edmonton-ch"]
[Site "Edmonton CAN"]
[Date "2015.01.29"]
[Round "2.2"]
[White "Porper, Edward"]
[Black "Cheng, Louis"]
[Result "1-0"]
[WhiteElo "2502"]
[BlackElo "2131"]
[PlyCount "97"]
[EventDate "2015.01.08"]
[EventType "k.o."]
[EventCountry "CAN"]

1. d4 Nf6 2. c4 e6 3. Nf3 b6 4. g3 Bb7 5. Bg2 Bb4+ 6. Bd2 Be7 7. Nc3 d5 8. cxd5
Nxd5 9. Qa4+ Qd7 10. Qb3 Nc6 11. Nxd5 exd5 12. O-O O-O 13. Rac1 Bf6 14. e3 Ba6
15. Rfe1 Na5 16. Bxa5 bxa5 17. Qc3 a4 18. b3 axb3 19. axb3 Rab8 20. Qxc7 Qxc7
21. Rxc7 Rxb3 22. Rxa7 Bd3 23. Rc1 Re8 24. Rd7 Be4 25. Nd2 Rbb8 26. Bxe4 dxe4
27. Rcc7 Bd8 28. Ra7 Bb6 29. Rab7 Rxb7 30. Rxb7 Bd8 31. Rb8 f5 32. Nc4 Rf8 33.
Kg2 Bf6 34. Rxf8+ Kxf8 35. f3 exf3+ 36. Kxf3 Ke7 37. d5 g5 38. g4 h5 39. gxh5
Bg7 40. e4 fxe4+ 41. Kxe4 Kf6 42. Ne5 Ke7 43. Kf5 Kd6 44. Nf7+ Kxd5 45. h6 Bd4
46. h7 g4 47. h8=Q Bxh8 48. Nxh8 Kd6 49. Ng6 1-0

[Event "Alberta op"]
[Site "Calgary CAN"]
[Date "2014.10.11"]
[Round "1.1"]
[White "Porper, Edward"]
[Black "Bentley, Bill"]
[Result "1-0"]
[WhiteElo "2427"]
[BlackElo "1874"]
[PlyCount "69"]
[EventDate "2014.10.11"]
[EventType "swiss"]
[EventRounds "6"]
[EventCountry "CAN"]

1. d4 e6 2. c4 f5 3. g3 Nf6 4. Bg2 d5 5. Nf3 c6 6. O-O Bd6 7. b3 Qe7 8. Bb2 O-O
9. Qc1 b5 10. Ne5 Bd7 11. Nd3 a5 12. a4 b4 13. Nd2 Be8 14. Ne5 Na6 15. Qc2 Rc8
16. cxd5 Nxd5 17. Ndc4 Bc7 18. e4 fxe4 19. Bxe4 g6 20. Rae1 Nf6 21. Bg2 Nb8 22.
Bc1 Bd7 23. Bh6 Rfe8 24. Re2 Rcd8 25. Rfe1 Nd5 26. Re4 Nf6 27. Rh4 Nh5 28. Nxg6
hxg6 29. Qxg6+ Ng7 30. Rg4 Qf7 31. Qe4 Qf5 32. Rxg7+ Kh8 33. Qh4 Rf8 34. Rf1 e5
35. Rg5 1-0

[Event "Alberta op"]
[Site "Calgary CAN"]
[Date "2014.10.11"]
[Round "2.1"]
[White "Robichaud, Martin"]
[Black "Porper, Edward"]
[Result "0-1"]
[WhiteElo "2193"]
[BlackElo "2427"]
[PlyCount "76"]
[EventDate "2014.10.11"]
[EventType "swiss"]
[EventRounds "6"]
[EventCountry "CAN"]

1. e4 e5 2. Nf3 d6 3. d4 exd4 4. Nxd4 Nf6 5. Nc3 Be7 6. Be2 O-O 7. O-O Re8 8.
Bf4 Bf8 9. Bf3 Nbd7 10. Re1 Ne5 11. Nd5 c6 12. Nxf6+ Qxf6 13. Bxe5 Rxe5 14. c3
g6 15. Qb3 h5 16. Re3 Bh6 17. Rd3 Qe7 18. Qd1 Bf8 19. c4 Bg4 20. Re3 Re8 21.
Qd3 Bxf3 22. Nxf3 Rxe4 23. Rae1 Rxe3 24. Rxe3 Qd8 25. g3 Rxe3 26. Qxe3 a6 27.
b3 Qe7 28. Qf4 Bg7 29. h4 Be5 30. Qh6 Bf6 31. Qf4 Kg7 32. g4 hxg4 33. Qxg4 Qe2
34. h5 Qxa2 35. Ng5 Qa1+ 36. Kg2 Bxg5 37. Qxg5 Qe5 38. h6+ Kh7 0-1

[Event "Alberta op"]
[Site "Calgary CAN"]
[Date "2014.10.12"]
[Round "3.1"]
[White "Porper, Edward"]
[Black "Sequillion, Aaron"]
[Result "1-0"]
[WhiteElo "2427"]
[BlackElo "2073"]
[PlyCount "65"]
[EventDate "2014.10.11"]
[EventType "swiss"]
[EventRounds "6"]
[EventCountry "CAN"]

1. d4 Nf6 2. c4 g6 3. Nc3 Bg7 4. e4 d6 5. Be2 O-O 6. Nf3 e5 7. O-O Nc6 8. d5
Ne7 9. Ne1 Nd7 10. Be3 f5 11. f3 f4 12. Bf2 g5 13. Nd3 b6 14. b4 a5 15. c5 axb4
16. cxd6 bxc3 17. dxe7 Qxe7 18. Qb3 Qa3 19. Rfc1 Qxb3 20. axb3 Ba6 21. Rab1
Rfc8 22. Rxc3 Bf8 23. b4 Bd6 24. Be1 Bb7 25. Nf2 Ba6 26. Nd3 Bb7 27. Rbc1 Ba6
28. R3c2 h6 29. Rb1 Bb7 30. Nb2 Ra2 31. Bc4 Raa8 32. Bb5 Nf6 33. Nc4 1-0

[Event "Alberta op"]
[Site "Calgary CAN"]
[Date "2014.10.12"]
[Round "4.1"]
[White "Gardner, Robert"]
[Black "Porper, Edward"]
[Result "1/2-1/2"]
[WhiteElo "2070"]
[BlackElo "2421"]
[PlyCount "149"]
[EventDate "2014.10.11"]
[EventType "swiss"]
[EventRounds "6"]
[EventCountry "CAN"]

1. g3 d5 2. Bg2 c6 3. Nf3 Nf6 4. b3 Bg4 5. Ne5 Bf5 6. Bb2 Nbd7 7. f4 e6 8. e3
Nxe5 9. fxe5 Nd7 10. d4 Qg5 11. Qd2 f6 12. e4 Qxd2+ 13. Nxd2 dxe4 14. Nxe4 Bb4+
15. c3 Be7 16. Nd6+ Bxd6 17. exd6 Nb6 18. c4 Kd7 19. Kd2 h5 20. a4 a5 21. h3
Rab8 22. Bc3 Nc8 23. c5 b6 24. Ra3 Rh6 25. Re1 Rg6 26. Re3 Rg5 27. h4 Rg6 28.
Ke2 Bc2 29. Be1 Bf5 30. Kf2 Rg4 31. Bc3 Rg6 32. Bf3 Bg4 33. Be4 Rh6 34. Bd2 Rh8
35. Ra1 Rf8 36. Bc2 e5 37. Bc3 Be6 38. Kg1 exd4 39. Bxd4 bxc5 40. Bxc5 Nxd6 41.
Rd1 Bd5 42. Bg6 f5 43. Bxh5 Rf6 44. Bf3 Ne4 45. Bxe4 fxe4 46. Rxe4 Rf7 47. b4
Kc7 48. Red4 axb4 49. Rxb4 Rxb4 50. Bxb4 Rf3 51. Be1 g6 52. a5 Kb7 53. Rd4 Re3
54. Rb4+ Ka8 55. Kf2 Re4 56. Rb6 Re7 57. Bb4 Rf7+ 58. Ke2 Bc4+ 59. Ke3 Bb5 60.
Bd6 Rd7 61. Be5 Re7 62. Ke4 Ka7 63. g4 Re6 64. Kf4 Re8 65. Bd6 Ka8 66. h5 gxh5
67. gxh5 Bd3 68. Be5 Rf8+ 69. Ke3 Re8 70. Kf4 Rf8+ 71. Kg4 Be2+ 72. Kg5 Bxh5
73. Kxh5 Rf5+ 74. Kg6 Rxe5 75. Rxc6 1/2-1/2

[Event "Alberta op"]
[Site "Calgary CAN"]
[Date "2014.10.13"]
[Round "5.1"]
[White "Porper, Edward"]
[Black "Ng, Gary"]
[Result "1-0"]
[WhiteElo "2427"]
[BlackElo "2160"]
[PlyCount "107"]
[EventDate "2014.10.11"]
[EventType "swiss"]
[EventRounds "6"]
[EventCountry "CAN"]

1. c4 c6 2. d4 d5 3. Nf3 Nf6 4. Nc3 a6 5. e3 b5 6. c5 Bg4 7. h3 Bxf3 8. Qxf3 e5
9. Bd2 Nbd7 10. Be2 g6 11. O-O Bg7 12. Rfd1 O-O 13. b4 Re8 14. a4 exd4 15. exd4
Ne4 16. Be1 Qe7 17. Ra2 Ndf6 18. Bf1 h5 19. Ne2 Nh7 20. Rda1 Qf8 21. Qa3 Rac8
22. axb5 axb5 23. Qa7 Nhg5 24. f3 Nf6 25. Bg3 Qe7 26. Qxe7 Rxe7 27. Ra6 Ne6 28.
Bf2 Kf8 29. Nc1 Nd7 30. Nb3 f5 31. Rd1 Nb8 32. Ra8 Nc7 33. Raa1 Nba6 34. Be1
Ke8 35. Bd2 Kd7 36. Ra5 Ree8 37. Rda1 Ra8 38. Bd3 Bf6 39. g4 hxg4 40. hxg4 fxg4
41. fxg4 Rg8 42. g5 Be7 43. Kg2 Kc8 44. R5a3 Kd7 45. Kg3 Kc8 46. Be2 Kd7 47.
Bg4+ Ke8 48. Nc1 Bf8 49. Bf4 Rd8 50. Rxa6 Nxa6 51. Rxa6 Bg7 52. Ne2 Kf7 53.
Ra7+ Ke8 54. Be6 1-0

[Event "Alberta op"]
[Site "Calgary CAN"]
[Date "2014.10.13"]
[Round "6.1"]
[White "Sasata, Robert"]
[Black "Porper, Edward"]
[Result "0-1"]
[WhiteElo "2275"]
[BlackElo "2427"]
[PlyCount "54"]
[EventDate "2014.10.11"]
[EventType "swiss"]
[EventRounds "6"]
[EventCountry "CAN"]

1. d4 Nf6 2. c4 e6 3. Nc3 Bb4 4. Qc2 Nc6 5. Nf3 d6 6. Bd2 Qe7 7. a3 Bxc3 8.
Bxc3 e5 9. dxe5 dxe5 10. e3 O-O 11. b4 e4 12. Nd4 Ne5 13. Be2 Bg4 14. O-O Bxe2
15. Nxe2 Qe6 16. Ng3 Ned7 17. Bb2 h5 18. Rad1 h4 19. Ne2 Qf5 20. Qc3 Rfe8 21.
Nf4 c6 22. Rd6 Ne5 23. Rfd1 Nh5 24. Ne6 f6 25. Nf4 Nxf4 26. exf4 Nd3 27. Qd2 h3
0-1

[Event "Battle of Alberta"]
[Site "Red Deer CAN"]
[Date "2014.09.13"]
[Round "1.1"]
[White "Porper, Edward"]
[Black "Kazmaier, Daniel"]
[Result "1-0"]
[WhiteElo "2485"]
[BlackElo "2298"]
[PlyCount "61"]
[EventDate "2014.09.13"]
[EventType "team"]
[EventRounds "2"]
[EventCountry "CAN"]
[WhiteTeam "North"]
[BlackTeam "South"]
[WhiteTeamCountry "CAN"]
[BlackTeamCountry "CAN"]

1. d4 e6 2. c4 Nf6 3. Nf3 b6 4. a3 Bb7 5. Nc3 d5 6. cxd5 Nxd5 7. Qc2 c5 8. e4
Nxc3 9. bxc3 Qc7 10. Bb5+ Bc6 11. Bd3 Nd7 12. O-O Rc8 13. Qe2 Bb7 14. d5 e5 15.
Nh4 g6 16. f4 c4 17. Bc2 exf4 18. Bxf4 Qc5+ 19. Kh1 Bg7 20. Qf3 O-O 21. Qg3 Qa5
22. Rf3 Nc5 23. Nf5 Nb3 24. Raf1 f6 25. Ne7+ Kh8 26. Qh3 Rfe8 27. Nxg6+ Kg8 28.
Nh4 Rcd8 29. Nf5 Bc8 30. Rg3 Bxf5 31. Qxf5 1-0

[Event "Battle of Alberta"]
[Site "Red Deer CAN"]
[Date "2014.09.13"]
[Round "2.1"]
[White "Kazmaier, Daniel"]
[Black "Porper, Edward"]
[Result "0-1"]
[WhiteElo "2298"]
[BlackElo "2485"]
[PlyCount "102"]
[EventDate "2014.09.13"]
[EventType "team"]
[EventRounds "2"]
[EventCountry "CAN"]
[WhiteTeam "South"]
[BlackTeam "North"]
[WhiteTeamCountry "CAN"]
[BlackTeamCountry "CAN"]

1. Nf3 Nf6 2. c4 e6 3. g3 d5 4. d4 Bb4+ 5. Bd2 Be7 6. Bg2 O-O 7. O-O c6 8. Nc3
Nbd7 9. c5 Ne4 10. Nxe4 dxe4 11. Ne1 f5 12. b4 Nf6 13. e3 Nd5 14. f3 exf3 15.
Nxf3 Bf6 16. Qc2 Ne7 17. Kh1 Ng6 18. Bc3 Bd7 19. e4 Kh8 20. h4 fxe4 21. Qxe4
Qc7 22. h5 Ne7 23. g4 h6 24. Ne5 Bxe5 25. dxe5 Kg8 26. Bd2 Rae8 27. Kg1 Qd8 28.
Rxf8+ Rxf8 29. Bf1 Be8 30. Bd3 Rf7 31. Rf1 Qd5 32. Rxf7 Bxf7 33. a4 Qa2 34. Be3
Qxa4 35. Qh7+ Kf8 36. g5 Qd1+ 37. Kf2 Bxh5 38. Qe4 hxg5 39. Bxg5 Nf5 40. Bc4
Bf7 41. b5 Qd4+ 42. Qxd4 Nxd4 43. b6 axb6 44. cxb6 Nb5 45. Be3 Ke8 46. Bc5 Kd7
47. Ke3 Nc3 48. Bb3 Bh5 49. Bd4 Nd5+ 50. Kf2 Nb4 51. Kg3 Bg6 0-1

[Event "Fort McMurray op"]
[Site "Fort McMurray CAN"]
[Date "2014.07.05"]
[Round "2"]
[White "Porper, Edward"]
[Black "Smith, Mark"]
[Result "1-0"]
[WhiteElo "2429"]
[BlackElo "2174"]
[PlyCount "93"]
[EventDate "2014.07.05"]
[EventType "swiss"]
[EventRounds "5"]
[EventCountry "CAN"]

1. d4 c6 2. c4 d5 3. Nc3 Nf6 4. Nf3 e6 5. e3 a6 6. a4 Bb4 7. Bd2 Nbd7 8. Bd3
O-O 9. O-O Bxc3 10. Bxc3 Ne4 11. Bb4 Re8 12. Qc2 f5 13. a5 Qf6 14. Ne1 Qh6 15.
Ra3 Ndf6 16. Be2 f4 17. exf4 Qxf4 18. Nd3 Qc7 19. Qc1 dxc4 20. Qxc4 Nd5 21. Ne5
Bd7 22. Bd3 Nef6 23. Bc5 Rad8 24. Bb1 Bc8 25. Qc2 b6 26. axb6 Nxb6 27. Rh3 Nbd7
28. Nxd7 Rxd7 29. Rxh7 Rd5 30. Rh4 Qf7 31. Re1 Rh5 32. Rxh5 Qxh5 33. Bd6 Bd7
34. h3 Rc8 35. Be5 Rf8 36. Qd3 Ra8 37. Qg3 Kf7 38. Bc2 Ra7 39. Bf4 Be8 40. Re5
Qh8 41. Bg6+ Ke7 42. Qa3+ Kd7 43. Rxe6 Kc8 44. Qd6 Rb7 45. Rxe8+ Qxe8 46. Bxe8
Nxe8 47. Qxc6+ 1-0

[Event "Fort McMurray op"]
[Site "Fort McMurray CAN"]
[Date "2014.07.05"]
[Round "3"]
[White "Miller, David"]
[Black "Porper, Edward"]
[Result "1/2-1/2"]
[WhiteElo "2027"]
[BlackElo "2429"]
[PlyCount "47"]
[EventDate "2014.07.05"]
[EventType "swiss"]
[EventRounds "5"]
[EventCountry "CAN"]

1. e4 e6 2. d4 d5 3. Nc3 Bb4 4. e5 c5 5. a3 Bxc3+ 6. bxc3 Nc6 7. Qg4 Kf8 8. h4
cxd4 9. cxd4 Qa5+ 10. Bd2 Qa4 11. Nf3 Qxc2 12. Rc1 Qg6 13. Qf4 Nge7 14. Rh3 h6
15. Bc3 Bd7 16. h5 Qe4+ 17. Qxe4 dxe4 18. Nd2 Nd5 19. Nxe4 Rc8 20. Nd6 Rc7 21.
Nb5 Rc8 22. Nd6 Rc7 23. Nb5 Rc8 24. Nd6 1/2-1/2

[Event "Fort McMurray op"]
[Site "Fort McMurray CAN"]
[Date "2014.07.06"]
[Round "4"]
[White "Porper, Edward"]
[Black "Shi, Diwen"]
[Result "1/2-1/2"]
[WhiteElo "2429"]
[BlackElo "1934"]
[PlyCount "99"]
[EventDate "2014.07.05"]
[EventType "swiss"]
[EventRounds "5"]
[EventCountry "CAN"]

1. d4 Nf6 2. c4 Nc6 3. Nf3 e6 4. g3 d5 5. Bg2 dxc4 6. O-O Rb8 7. Bg5 Be7 8. e3
O-O 9. Nfd2 e5 10. Bxf6 Bxf6 11. d5 Na5 12. Qa4 c6 13. Nxc4 Nxc4 14. Qxc4 e4
15. dxc6 bxc6 16. Nc3 Qa5 17. Rfd1 Rb4 18. Qxc6 Bb7 19. Qd7 Rxb2 20. Nd5 Bxd5
21. Rxd5 Qa3 22. Rad1 Qxa2 23. Qf5 Rb6 24. Bxe4 g6 25. Qf3 Bg7 26. R5d2 Qa5 27.
Bd5 Rf6 28. Qe4 Rf5 29. Qe7 Bf6 30. Qd7 Qc5 31. Kg2 Bg7 32. Rd3 a5 33. Bb3 Qb5
34. Qa7 Qb8 35. Qxb8 Rxb8 36. Rd8+ Rxd8 37. Rxd8+ Bf8 38. Rd7 Bc5 39. g4 Rf6
40. Kg3 h6 41. h4 Kg7 42. Kg2 Kf8 43. Rd3 Rb6 44. Bd1 Ke7 45. Rd5 Bb4 46. Ba4
Ke6 47. Bb3 Ke7 48. Ba4 Ke6 49. Bb3 Ke7 50. Ba4 1/2-1/2

[Event "Alberta Closed"]
[Site "Edmonton CAN"]
[Date "2014.04.18"]
[Round "1"]
[White "Porper, Edward"]
[Black "Yam, Alex"]
[Result "1-0"]
[WhiteElo "2438"]
[BlackElo "2278"]
[PlyCount "73"]
[EventDate "2014.04.18"]
[EventType "tourn"]
[EventRounds "5"]
[EventCountry "CAN"]

1. Nf3 Nf6 2. d4 e6 3. c4 Bb4+ 4. Bd2 a5 5. g3 b6 6. Bg2 Bb7 7. O-O O-O 8. Bf4
Re8 9. c5 a4 10. a3 Ba5 11. Qxa4 Bd2 12. Qc2 Bxf4 13. gxf4 bxc5 14. dxc5 Nc6
15. Nc3 Ne7 16. Nh4 Bxg2 17. Nxg2 Qb8 18. b4 Ned5 19. Ne4 Nxe4 20. Qxe4 c6 21.
Qf3 f5 22. Rfd1 Ra7 23. Rab1 e5 24. b5 Rb7 25. b6 exf4 26. Rxd5 cxd5 27. Qxd5+
Kh8 28. a4 d6 29. Qxd6 Qxd6 30. cxd6 g5 31. a5 Ra8 32. Rb5 Kg7 33. Ne1 Rab8 34.
Nd3 Rd7 35. a6 f3 36. exf3 Rxd6 37. a7 1-0

[Event "Alberta Closed"]
[Site "Edmonton CAN"]
[Date "2014.04.19"]
[Round "2"]
[White "Gardner, Robert"]
[Black "Porper, Edward"]
[Result "1/2-1/2"]
[WhiteElo "2173"]
[BlackElo "2438"]
[PlyCount "145"]
[EventDate "2014.04.18"]
[EventType "tourn"]
[EventRounds "5"]
[EventCountry "CAN"]

1. g3 d5 2. Bg2 c6 3. d3 Nf6 4. Nd2 e5 5. e4 Bg4 6. f3 Be6 7. Ne2 Qb6 8. c3
dxe4 9. Nxe4 Nxe4 10. fxe4 Na6 11. d4 Rd8 12. O-O Be7 13. Be3 O-O 14. Qd2 Rd7
15. b3 Nc7 16. Kh1 a5 17. d5 Bc5 18. Bxc5 Qxc5 19. c4 f6 20. Nc3 Bf7 21. Na4
Qa7 22. Qf2 Qxf2 23. Rxf2 Na6 24. Bh3 Rdd8 25. Rd1 b5 26. cxb5 cxb5 27. Bf1 Bg6
28. Bxb5 Bxe4+ 29. Kg1 Nc7 30. Bc4 Rd6 31. Nc5 Bg6 32. Nb7 Ne8 33. Nxa5 Rf7 34.
Bb5 Rc7 35. Nc4 Rd8 36. d6 Rc5 37. Bxe8 Bxe8 38. Rfd2 Bc6 39. a4 Bxa4 40. bxa4
Rxc4 41. a5 Rc6 42. d7 Kf7 43. Rb1 Ra6 44. Rd5 Ra7 45. Rb6 Rdxd7 46. Rxd7+ Rxd7
47. a6 Rd2 48. Rb7+ Kg6 49. a7 Ra2 50. Re7 h5 51. h4 Kh6 52. Rf7 e4 53. Re7 f5
54. Rb7 Kg6 55. Kf1 Kf6 56. Rb6+ Ke5 57. Rb5+ Kd4 58. Rb4+ Kc5 59. Rb7 g6 60.
Rd7 e3 61. Ke1 Kc6 62. Re7 Kd5 63. Rxe3 Rxa7 64. Kf2 Ra4 65. Kf3 Rg4 66. Ra3 f4
67. Ra5+ Ke6 68. Ra6+ Kf5 69. Ra5+ Kf6 70. Ra6+ Kg7 71. Ra7+ Kh6 72. gxf4 Rxh4
73. Ra6 1/2-1/2

[Event "Alberta Closed"]
[Site "Edmonton CAN"]
[Date "2014.04.20"]
[Round "4"]
[White "Porper, Edward"]
[Black "Ng, Gary"]
[Result "1/2-1/2"]
[WhiteElo "2438"]
[BlackElo "2140"]
[PlyCount "144"]
[EventDate "2014.04.18"]
[EventType "tourn"]
[EventRounds "5"]
[EventCountry "CAN"]

1. c4 c6 2. e4 d5 3. exd5 cxd5 4. cxd5 Nf6 5. Nc3 Nxd5 6. d4 e6 7. Nf3 Be7 8.
Bd3 Nc6 9. O-O O-O 10. a3 b6 11. Qe2 Nf6 12. Be3 Bb7 13. Rad1 Rc8 14. Bg5 Re8
15. h4 Nd5 16. Qe4 g6 17. Nb1 Na5 18. Qg4 Nc4 19. Bc1 Nf6 20. Qh3 Bxf3 21. gxf3
Nh5 22. Rfe1 Nd6 23. d5 exd5 24. Nc3 d4 25. Nb5 Bf6 26. Rxe8+ Nxe8 27. Nxa7 Rc5
28. b4 Rc7 29. Nb5 Rd7 30. Be4 Nc7 31. Nxc7 Rxc7 32. Be3 Rd7 33. b5 Bxh4 34.
Bd2 Bg5 35. Bc6 Rd6 36. Re1 Bxd2 37. Re8+ Qxe8 38. Bxe8 Rd8 39. Bc6 d3 40. Qh4
Rd6 41. Qe7 Bf4 42. Be8 Rf6 43. Bxf7+ Rxf7 44. Qd8+ Kg7 45. Qxd3 Bc7 46. Qc3+
Kg8 47. Qc6 Nf4 48. Kf1 h5 49. a4 h4 50. a5 bxa5 51. b6 Bb8 52. Qa8 Rf8 53.
Qxa5 Rd8 54. Kg1 h3 55. Kh2 Kh7 56. b7 Rf8 57. Qb5 Kg7 58. Qd7+ Kf6 59. Qc8 Ke7
60. Kg3 Be5 61. Kh2 Kf7 62. Qd7+ Kg8 63. Qc8 Bb8 64. Kg3 Kg7 65. Qd7+ Kh8 66.
Kh2 Rg8 67. Qd4+ Kh7 68. Qd7+ Kh6 69. Qc8 Kh7 70. Qd7+ Kh6 71. Qc8 Kg7 72. Qd7+
Kf6 1/2-1/2

[Event "Alberta Closed"]
[Site "Edmonton CAN"]
[Date "2014.04.20"]
[Round "5"]
[White "Haessel, Dale"]
[Black "Porper, Edward"]
[Result "0-1"]
[WhiteElo "2198"]
[BlackElo "2438"]
[PlyCount "90"]
[EventDate "2014.04.18"]
[EventType "tourn"]
[EventRounds "5"]
[EventCountry "CAN"]

1. d4 Nf6 2. c4 e6 3. Nc3 Bb4 4. Qc2 Nc6 5. Nf3 d6 6. g3 O-O 7. Bg2 e5 8. dxe5
dxe5 9. O-O Bxc3 10. Qxc3 e4 11. Ng5 Re8 12. Be3 Bf5 13. Nh3 Ng4 14. Rad1 Qe7
15. Bc1 Nb4 16. Bg5 f6 17. Bd2 c5 18. f3 Ne5 19. a3 Nbc6 20. Nf4 exf3 21. exf3
Nd4 22. Rfe1 Qf7 23. Nd5 Nd3 24. Rxe8+ Rxe8 25. Kf1 Qh5 26. Be3 Nxf3 27. Rxd3
Nxh2+ 28. Kg1 Nf3+ 29. Bxf3 Qxf3 30. Rd2 Be4 31. Nf4 Qxg3+ 32. Kf1 Bf5 33. Nd5
Qf3+ 34. Ke1 Qh1+ 35. Kf2 Be4 36. Nf4 Qf3+ 37. Ke1 h5 38. Rf2 Qg4 39. Nd5 Bxd5
40. cxd5 Qe4 41. Re2 Qh1+ 42. Kf2 Re5 43. Qd3 Qxd5 44. Qg6 Rf5+ 45. Ke1 Qe4 0-1

[Event "Reykjavik op"]
[Site "Reykjavik ISL"]
[Date "2014.03.05"]
[Round "2.35"]
[White "Thorhallsson, Gylfi"]
[Black "Porper, Edward"]
[Result "0-1"]
[WhiteElo "2130"]
[BlackElo "2427"]
[PlyCount "84"]
[EventDate "2014.03.04"]
[EventType "swiss"]
[EventRounds "10"]
[EventCountry "ISL"]
[Source "Chess Mix"]

1. e4 c6 2. d4 d5 3. Nc3 dxe4 4. Nxe4 Bf5 5. Ng3 Bg6 6. Nf3 Nd7 7. h4 h6 8. h5
Bh7 9. Bd3 Bxd3 10. Qxd3 e6 11. Bf4 Bb4+ 12. c3 Be7 13. O-O-O Ngf6 14. Ne4 Nxe4
15. Qxe4 Nf6 16. Qe2 Qa5 17. Ne5 Qxa2 18. Rde1 Qd5 19. g4 Nd7 20. Nf3 Bd6 21.
Bd2 Nb6 22. Kc2 a5 23. Ne5 Bxe5 24. Qxe5 Qxe5 25. Rxe5 Nc4 26. Rc5 Nxd2 27.
Kxd2 Kd7 28. Ra1 b6 29. Rc4 g6 30. hxg6 fxg6 31. Rca4 h5 32. b4 hxg4 33. bxa5
b5 34. R4a2 Raf8 35. Ke2 Rh2 36. Ke1 Kc7 37. a6 Kb8 38. c4 Ka7 39. cxb5 cxb5
40. Ra5 Rhxf2 41. R1a3 Rb2 42. Rg3 Rh8 0-1

[Event "Reykjavik op"]
[Site "Reykjavik ISL"]
[Date "2014.03.09"]
[Round "7.9"]
[White "Stefansson, Hannes"]
[Black "Porper, Edward"]
[Result "1/2-1/2"]
[WhiteElo "2541"]
[BlackElo "2427"]
[PlyCount "115"]
[EventDate "2014.03.04"]
[EventType "swiss"]
[EventRounds "10"]
[EventCountry "ISL"]
[Source "Chess Mix"]

1. d4 Nf6 2. c4 e6 3. Nf3 Bb4+ 4. Bd2 a5 5. g3 d6 6. Bg2 Nbd7 7. O-O e5 8. Bc3
Qe7 9. a3 Bxc3 10. Nxc3 c6 11. d5 c5 12. Nd2 O-O 13. Qc2 Ne8 14. Rab1 f5 15. b4
axb4 16. axb4 b6 17. bxc5 bxc5 18. Ra1 Rxa1 19. Rxa1 e4 20. Nb3 Ne5 21. Nb5 h5
22. Ra7 Qf6 23. Nd2 h4 24. Qc3 hxg3 25. hxg3 Bd7 26. f4 exf3 27. Nxf3 Bxb5 28.
cxb5 Nxf3+ 29. Qxf3 Qd4+ 30. e3 Qb4 31. Bf1 c4 32. Rb7 Qc5 33. Bh3 Qc8 34. Rb6
Qc5 35. Rc6 Qxb5 36. Bxf5 Qb1+ 37. Bxb1 Rxf3 38. Kg2 Rxe3 39. Bg6 Kf8 40. Rc8
c3 41. g4 Re5 42. Kg3 c2 43. Kh4 c1=Q 44. Rxc1 Rxd5 45. g5 Re5 46. Rc8 Re1 47.
Ra8 Re5 48. Kg4 Re1 49. Kf4 Re5 50. Bh5 Re1 51. Kf5 Re5+ 52. Kg6 Ke7 53. Bg4 d5
54. Ra7+ Kd6 55. Rd7+ Kc5 56. Ra7 Kd4 57. Bd7 Nd6 58. Bg4 1/2-1/2

[Event "Reykjavik op"]
[Site "Reykjavik ISL"]
[Date "2014.03.11"]
[Round "9.27"]
[White "Bisby, Daniel"]
[Black "Porper, Edward"]
[Result "0-1"]
[WhiteElo "2314"]
[BlackElo "2427"]
[PlyCount "106"]
[EventDate "2014.03.04"]
[EventType "swiss"]
[EventRounds "10"]
[EventCountry "ISL"]
[Source "Chess Mix"]

1. e4 Nf6 2. e5 Nd5 3. d4 d6 4. Nf3 Nc6 5. Bb5 a6 6. Bxc6+ bxc6 7. h3 g6 8. O-O
Bg7 9. c4 Nb6 10. b3 O-O 11. Nc3 Bb7 12. Be3 c5 13. dxc5 Nd7 14. c6 Bxc6 15.
Nd4 Nb8 16. e6 f5 17. Qd2 Bb7 18. Bh6 c5 19. Bxg7 Kxg7 20. Nde2 Nc6 21. Nd5 Rh8
22. Rfe1 Qf8 23. Rad1 Rd8 24. Nef4 Kg8 25. Re3 Qh6 26. Rg3 Kf8 27. Qc3 Qg7 28.
Qxg7+ Kxg7 29. h4 Rde8 30. h5 Ne5 31. Re1 Bxd5 32. cxd5 Kf6 33. Nd3 Nxd3 34.
Rxd3 g5 35. Rc3 Rb8 36. a3 Rb5 37. g3 Rhb8 38. Ree3 a5 39. f4 g4 40. Kf2 Kg7
41. Ke2 Kh6 42. Kd2 Kxh5 43. Kc2 Kg6 44. Re1 h5 45. Rh1 R5b7 46. Re1 h4 47.
gxh4 Kh5 48. Rg1 a4 49. bxa4 Rb2+ 50. Kd3 Rf2 51. a5 Rxf4 52. a6 Rb2 53. Rxc5
Rf3+ 0-1

[Event "Reykjavik op"]
[Site "Reykjavik ISL"]
[Date "2014.03.12"]
[Round "10.14"]
[White "Porper, Edward"]
[Black "Ramirez, Alejandro"]
[Result "0-1"]
[WhiteElo "2427"]
[BlackElo "2599"]
[PlyCount "110"]
[EventDate "2014.03.04"]
[EventType "swiss"]
[EventRounds "10"]
[EventCountry "ISL"]
[Source "Chess Mix"]

1. Nf3 b5 2. d4 Bb7 3. e3 a6 4. a4 b4 5. a5 e6 6. c3 Nf6 7. Be2 c5 8. cxb4 cxd4
9. Nxd4 Bxg2 10. Rg1 Bb7 11. Bf3 Qc7 12. Bd2 Qxh2 13. Rh1 Qc7 14. b5 d5 15. b6
Qd7 16. Rg1 e5 17. Nb3 Nc6 18. Na3 Ne4 19. Bxe4 dxe4 20. Rc1 Nb4 21. Rc7 Nd3+
22. Kf1 Qh3+ 23. Rg2 Qh1+ 24. Rg1 Qh3+ 25. Rg2 Bd5 26. Nc4 Qh1+ 27. Rg1 Qh3+
28. Rg2 Bxc4 29. Rxc4 Qh1+ 30. Rg1 Qh3+ 31. Rg2 Nxb2 32. Qc2 Nxc4 33. Qxc4 Qd7
34. Qxe4 Qb5+ 35. Kg1 Rd8 36. Qc2 g6 37. Rg4 Be7 38. Qc4 Qd7 39. Re4 Qb7 40.
Rxe5 O-O 41. Qe4 Qxe4 42. Rxe4 Bd6 43. Bb4 Bxb4 44. Rxb4 Rd1+ 45. Kg2 Rb1 46.
Kg3 h5 47. f4 Kg7 48. f5 g5 49. Kf3 Rh8 50. b7 Rb8 51. Rb6 Rb2 52. Ke4 h4 53.
Nc5 Rxb6 54. axb6 f6 55. Kf3 a5 0-1

[Event "Gibraltar Masters"]
[Site "Caleta ENG"]
[Date "2014.01.28"]
[Round "1.79"]
[White "Hermes, Geoff"]
[Black "Porper, Edward"]
[Result "0-1"]
[WhiteElo "1998"]
[BlackElo "2444"]
[PlyCount "58"]
[EventDate "2014.01.28"]
[EventType "swiss"]
[EventRounds "10"]
[EventCountry "ENG"]
[Source "Chess Mix"]

1. e4 e5 2. Nf3 d6 3. d4 exd4 4. Nxd4 Nf6 5. Nc3 Be7 6. Be2 O-O 7. O-O Re8 8.
Re1 h6 9. Be3 Bf8 10. Bd3 Nbd7 11. Nf3 c6 12. h3 b5 13. a3 Bb7 14. Qd2 a6 15.
e5 Nxe5 16. Nxe5 dxe5 17. Ne4 c5 18. Nxf6+ Qxf6 19. Qc3 c4 20. Bf1 Qc6 21. Rad1
Re6 22. f3 Be7 23. Bf2 Bf6 24. Qd2 Rd8 25. Qb4 Rxd1 26. Rxd1 e4 27. fxe4 Qxe4
28. c3 Be7 29. Qa5 Rg6 0-1

[Event "Gibraltar Masters"]
[Site "Caleta ENG"]
[Date "2014.01.29"]
[Round "2.12"]
[White "Porper, Edward"]
[Black "Short, Nigel"]
[Result "1/2-1/2"]
[WhiteElo "2444"]
[BlackElo "2683"]
[PlyCount "122"]
[EventDate "2014.01.28"]
[EventType "swiss"]
[EventRounds "10"]
[EventCountry "ENG"]
[Source "Chess Mix"]

1. d4 e6 2. c4 Nf6 3. Nf3 b6 4. Nc3 Bb4 5. Bg5 Bb7 6. Nd2 Nc6 7. e3 Ne7 8. Bxf6
gxf6 9. Qb3 Ba5 10. Qc2 O-O 11. Be2 Kh8 12. Bf3 Bxf3 13. Nxf3 d5 14. cxd5 Qxd5
15. O-O Bxc3 16. Qxc3 Rg8 17. Ne1 Rac8 18. f3 Qg5 19. f4 Qg6 20. Qd3 c5 21.
Qxg6 hxg6 22. dxc5 Rxc5 23. Nd3 Rd5 24. Nf2 Kg7 25. Rac1 Rd2 26. Rc7 Nd5 27.
Rxa7 Rxb2 28. Ng4 Rc8 29. e4 Nc3 30. f5 exf5 31. exf5 g5 32. Re1 Rxa2 33. Rxa2
Nxa2 34. Rb1 Rb8 35. Ne3 b5 36. Rb2 Nc3 37. Rb3 b4 38. Nc2 Nd5 39. Kf2 Kf8 40.
Kf3 Rc8 41. Ne3 Nxe3 42. Kxe3 Rc4 43. g3 Ke7 44. Kd3 Rg4 45. Rb1 Kd6 46. Ra1 b3
47. Ra6+ Kc5 48. Kc3 Rb4 49. Kb2 Kd5 50. Rxf6 Rb7 51. g4 Ke4 52. Rh6 Kf3 53. h3
Kg3 54. Rh7 Rb6 55. Rh5 f6 56. Rh7 Rb8 57. Rh5 Kg2 58. Rh7 Rd8 59. Kxb3 Rd3+
60. Kc4 Rxh3 61. Rf7 Kf3 1/2-1/2